00524 a2200181 4500082002100000100002700021245005700048260003900105300001000144440003700154504003000191650001900221650002300240650002100263650002200284650001600306653002000322 a362.820973bN923 aNunnally, Elam W. ed. aMental illness delinquency:baddictions and neglect. aBeverly Hills :bSage Pub.;c1988. a266p. aFamilies in trouble series;nv.4 aBibliography : P. 229-249 aMental illness aFamily social work aProblem families aGovernment policy aEpidemilogy aSocial problems